Fomento del empleo fijo, reducción de la precariedad y extensión de la cobertura y la protección laboral: resumen de algunos contenidos

Guardado en:
Bibliografiske detaljer
Format: Bog
Sprog:Spanish
Tags: Tilføj Tag
Ingen Tags, Vær først til at tagge denne postø!

MARC

LEADER 00000nam a22000007a 4500
003 cru CIDCACS/IIS
005 20180404145914.0
007 ta
008 180404s1997 sp |||p|r||||||0| ||spa|d
999 |c 41223  |d 41223 
040 |c cru CIDCACS/IIS 
245 1 |a Fomento del empleo fijo, reducción de la precariedad y extensión de la cobertura y la protección laboral:  |b resumen de algunos contenidos 
300 |a páginas 8-10 
942 |2 ddc  |c PP 
773 0 |0 41203  |9 1934  |a Confederación Sindical de CC.OO  |d España: Confederación Sindical de CC.OO  |o 16012  |t Gaceta Sindical /  |x 1133035X